Tendencias y perspectivas económicas de Centroamérica

Gespeichert in:
Bibliographische Detailangaben
Format: Text
Schlagworte:
Tags: Tag hinzufügen
Keine Tags, Fügen Sie den ersten Tag hinzu!

MARC

LEADER 00000 a a2200000 04500
001 8192
003
040
245 |a Tendencias y perspectivas económicas de Centroamérica  
650 |a ANALISIS ECONOMICO  
650 |a CONDICIONES ECONOMICAS  
650 |a ESTADISTICAS ECONOMICAS  
650 |a INDICADORES ECONOMICOS  
650 |a AMERICA CENTRAL  
773 |g número 2; páginas 30-33  
999 |c 32210  |d 32210